<?xml version="1.0" encoding="UTF-8"?>
<record
    xmlns:xsi="http://www.w3.org/2001/XMLSchema-instance"
    xsi:schemaLocation="http://www.loc.gov/MARC21/slim http://www.loc.gov/standards/marcxml/schema/MARC21slim.xsd"
    xmlns="http://www.loc.gov/MARC21/slim">

  <leader>00655    a2200157   4500</leader>
  <datafield tag="020" ind1=" " ind2=" ">
    <subfield code="a">9783200014992</subfield>
  </datafield>
  <datafield tag="082" ind1=" " ind2=" ">
    <subfield code="a">705</subfield>
    <subfield code="b">M468q</subfield>
  </datafield>
  <datafield tag="100" ind1=" " ind2=" ">
    <subfield code="a">Mayer, Antje y Vitorelli, Rita (editor)</subfield>
    <subfield code="9">224</subfield>
  </datafield>
  <datafield tag="245" ind1=" " ind2=" ">
    <subfield code="a">Art Guide East</subfield>
    <subfield code="b">Briefing on contemporary art and culture in Central and Eastern Europe</subfield>
  </datafield>
  <datafield tag="260" ind1=" " ind2=" ">
    <subfield code="a">Viena</subfield>
    <subfield code="b">Spike art magazine OG</subfield>
    <subfield code="c">2009</subfield>
  </datafield>
  <datafield tag="300" ind1=" " ind2=" ">
    <subfield code="a">336 p.</subfield>
    <subfield code="b">ill (some col)</subfield>
    <subfield code="c">21 cm</subfield>
  </datafield>
  <datafield tag="440" ind1=" " ind2=" ">
    <subfield code="v">Vol 1</subfield>
    <subfield code="9">225</subfield>
  </datafield>
  <datafield tag="505" ind1=" " ind2=" ">
    <subfield code="t">Editorial</subfield>
    <subfield code="t">Belgrade</subfield>
    <subfield code="t">Bratislava</subfield>
    <subfield code="t">Bucharest</subfield>
    <subfield code="t">Budapest</subfield>
    <subfield code="t">Ljubljana</subfield>
    <subfield code="t">Prague</subfield>
    <subfield code="t">Sarajevo</subfield>
    <subfield code="t">Sofia</subfield>
    <subfield code="t">Vienna</subfield>
    <subfield code="t">Zagreb</subfield>
    <subfield code="t">Contributors</subfield>
  </datafield>
  <datafield tag="650" ind1=" " ind2=" ">
    <subfield code="x">Modern Art- Central and East Europe</subfield>
    <subfield code="z">Europe</subfield>
    <subfield code="9">226</subfield>
  </datafield>
  <datafield tag="700" ind1=" " ind2=" ">
    <subfield code="a">Mayer, Antje y Vitorelli, Rita (editor)</subfield>
    <subfield code="9">227</subfield>
  </datafield>
  <datafield tag="999" ind1=" " ind2=" ">
    <subfield code="c">36</subfield>
    <subfield code="d">36</subfield>
  </datafield>
  <datafield tag="952" ind1=" " ind2=" ">
    <subfield code="0">0</subfield>
    <subfield code="1">0</subfield>
    <subfield code="2">ddc</subfield>
    <subfield code="4">0</subfield>
    <subfield code="7">0</subfield>
    <subfield code="a">LV</subfield>
    <subfield code="b">LV</subfield>
    <subfield code="c">Pensamiento</subfield>
    <subfield code="d">2014-03-31</subfield>
    <subfield code="l">0</subfield>
    <subfield code="o">705 M468q</subfield>
    <subfield code="p">000014</subfield>
    <subfield code="r">2014-03-31 00:00:00</subfield>
    <subfield code="w">2014-03-31</subfield>
    <subfield code="y">01</subfield>
  </datafield>
</record>
